|
|
|
|
| LEADER |
00909nam a22002537a 4500 |
| 001 |
AAL7078 |
| 003 |
BD-DhAAL |
| 005 |
20160430142815.0 |
| 008 |
160430s 1992us a|||| |||| 001 0 eng d |
| 020 |
|
|
|a 0675172640
|
| 040 |
|
|
|a BD-DhAAL
|c BD-DhAAL
|
| 082 |
|
|
|a 530
|
| 100 |
|
|
|a Paul W Zitzewitz;
|9 19357
|
| 245 |
|
|
|a Merrill physics :
|b principles and problems /
|c Paul W Zitzewitz; Robert F Neff
|
| 260 |
|
|
|a Lake Forest, Ill. :
|b Glencoe,
|c ©1992.
|
| 300 |
|
|
|a xvi, 736 pages :
|b color illustrations ;
|c 27 cm
|
| 500 |
|
|
|a Includes index
|
| 541 |
|
|
|e 7078
|
| 650 |
|
|
|a Physics.
|9 19358
|
| 700 |
|
|
|a Neff, Robert F
|9 19359
|
| 852 |
|
|
|a Savar Campus Library
|c General Shelf
|
| 942 |
|
|
|2 ddc
|c BK
|
| 999 |
|
|
|c 37508
|d 37508
|
| 952 |
|
|
|0 0
|1 0
|2 ddc
|4 0
|6 530_000000000000000_PAU
|7 0
|9 58908
|a SCL
|b SCL
|c GEN
|d 2016-04-30
|e Gift: The Asia Foundation
|l 4
|m 10
|o 530 PAU
|p 3020007078
|r 2025-01-11
|s 2025-01-06
|t 1
|w 2016-04-30
|y BK
|